Library Banner

The role of Islamia College Lahore in the Pakistan movement (EN+Urdu) (Record no. 73104)

MARC details
000 -LEADER
fixed length control field 00492nam a2200169Ia 4500
001 - CONTROL NUMBER
control field 67634
008 - FIXED-LENGTH DATA ELEMENTS--GENERAL INFORMATION
fixed length control field 150618s9999 xx 000 0 und d
020 ## - INTERNATIONAL STANDARD BOOK NUMBER
International Standard Book Number NA
040 ## - CATALOGING SOURCE
Transcribing agency PK-LaUMT
082 ## - DEWEY DECIMAL CLASSIFICATION NUMBER
Classification number 320.95491378
Item number HAN-R
100 ## - MAIN ENTRY--PERSONAL NAME
Personal name Hanif Shahid, Mohammad
245 #4 - TITLE STATEMENT
Title The role of Islamia College Lahore in the Pakistan movement (EN+Urdu)
Statement of responsibility, etc Hanif Shahid, Mohammad
260 ## - PUBLICATION, DISTRIBUTION, ETC. (IMPRINT)
Place of publication, distribution, etc Riyadh,Saudia:
Name of publisher, distributor, etc Internaitonal Islamic Institute,
Date of publication, distribution, etc 1992
300 ## - PHYSICAL DESCRIPTION
Extent 124+190 p.
546 ## - LANGUAGE NOTE
Language note EN
942 ## - ADDED ENTRY ELEMENTS (KOHA)
Koha item type Books
Holdings
Withdrawn status Lost status Damaged status Not for loan Home library Current library Date acquired Total Checkouts Full call number Barcode Date last seen Price effective from Koha item type
        UMT Main Campus UMT Main Campus 2015-06-18   320.95491378 HAN-R 73873 2015-06-18 2015-06-18 Books